000 01057akm a2200421a 44500
008 040414s2004 cat
041 _acat
041 _blat
080 _a599(038)
100 _aViza, Marga
_971810
245 _aMamífers dels Països Catalans
245 _cJordi Sargatal
245 _cMarga Viza (coord.)
245 _cMiquel Riera
245 _h[cartell]
260 _a[S.l.]
260 _bCaixa Catalunya. Obra Social. Fundació Territori i Paisatge
260 _bRevista Presència
260 _c2004
300 _bil.
500 _aSinònims
520 _a40
522 _aPaïsos Catalans
546 _acatalà
591 _a8532
592 _aObra terminològica
593 _aDGA
594 _a8532
650 _amamífers
_960586
700 _aRiera, Miquel
_971811
700 _aSargatal i Vicens, J.
_964273
901 _c[<2004>]
902 _a040414
942 _cMO
_n0
999 _c62889
_d62889